000
00327nam a22001457a 4500
008
210607b ||||| |||| 00| 0 eng d
020
_a
9780766835672
041
_a
eng
080
_2
8th
_a
612.39
082
_a
612.39
100
_a
10
101
_a
NUT
245
_a
Nutrition & Diet Therapy
_c
Ruth A. Roth
942
_2
udc
_c
BK
999
_c
58032
_d
58032